Murmansk Oblast Largest Cities - Statistics

General Stats
  • This quiz has been taken 40 times
  • The average score is 9 of 22
Answer Stats
Hint Answer % Correct
307,257 Murmansk
96%
59,672 Apatity
63%
35,654 Kandalaksha
63%
12,756 Nikel’
59%
50,060 Severomorsk
59%
28,625 Kirovsk
56%
10,437 Kola
56%
23,072 Olenegorsk
52%
45,361 Monchegorsk
48%
15,825 Zapolyarny
48%
18,820 Kovdor
44%
17,293 Polyarny
44%
3,188 Pechenga
33%
11,068 Gadzhiyevo
22%
2,171 Ostrovnoy
22%
11,199 Zaozyorsk
22%
15,096 Polyarne Zori
19%
12,683 Snezhnogorsk
15%
5,771 Vidyayevo
15%
1,644 Afrikanda
7%
45 Prirechny
7%
782 Pushnoy
7%
No matching quizzes found
Score Distribution
Percent of People with Each Score
Percentile by Number Answered
Your Score History
You have not taken this quiz